000 00288nam a22001337a 4500
008 170227b xxu||||| |||| 00| 0 eng d
020 _a9781464104848
041 _aeng
080 _22ND
_a577
100 _a5
101 _aSHMB
245 _aBIOCHEMISTRY
_cTYMOCZKO, J.L
942 _2udc
_cBK
999 _c6365
_d6365